LEADER 00897cam0 22002651 450 001 SOBE00032481 005 20130426133457.0 100 $a20130426d1986 |||||ita|0103 ba 101 $aita 102 $aIT 200 1 $a<>America degli italiani$fV. Blengino ... [et al.] 210 $aRoma$cBulzoni$d1986 215 $a281 p.$c21 cm 225 2 $aArgomenti$hLetterature d'America$v2 410 1$1001SOBE00032484$12001 $a*Argomenti. Letterature d'America$v2 702 1$aBlengino, Vanni$3SOBA00006744$4070 801 0$aIT$bUNISOB$c20130426$gRICA 850 $aUNISOB 852 $aUNISOB$jFondo|Durante$m160198 912 $aSOBE00032481 940 $aM 102 Monografia moderna SBN 941 $aM 957 $aFondo|Durante$b000112$gSI$d160198$hDurante$rdono$tN$1menle$2UNISOB$3UNISOB$420130426133542.0$520130426133608.0$6menle 996 $aAmerica degli italiani$9179917 997 $aUNISOB